Florida Panthers Leaders - Statistics

General Stats
  • This quiz has been taken 67 times
    17 since last reset
  • The average score is 35 of 103
Answer Stats
Stat Number Answer % Correct
Most Goals 286 Aleksander Barkov
92%
Most Assists 496 Aleksander Barkov
92%
Most Points 782 Aleksander Barkov
92%
Most Games Played 804 Aleksander Barkov
92%
Most Game Winning Goals 52 Aleksander Barkov
92%
Most Games Played (Goalie) 349 Sergei Bobrovsky
92%
Most Wins 201 Sergei Bobrovsky
92%
Most Shutouts 20 Sergei Bobrovsky
92%
Best Career Save Percentage .903 Sergei Bobrovsky
92%
Best Career Goals Against Average 2.80 Sergei Bobrovsky
92%
Most Goals 122 Aaron Ekblad
62%
Most Assists 284 Aaron Ekblad
62%
Most Points 406 Aaron Ekblad
62%
Most Games Played 804 Aaron Ekblad
62%
Most Game Winning Goals 29 Aaron Ekblad
62%
Most Goals 198 Jonathan Huberdeau
62%
Most Assists 415 Jonathan Huberdeau
62%
Most Points 613 Jonathan Huberdeau
62%
Most Games Played 671 Jonathan Huberdeau
62%
Most Game Winning Goals 26 Jonathan Huberdeau
62%
Most Goals 188 Olli Jokinen
62%
Most Assists 231 Olli Jokinen
62%
Most Points 419 Olli Jokinen
62%
Most Games Played 567 Olli Jokinen
62%
Most Game Winning Goals 36 Olli Jokinen
62%
Most Goals 152 Pavel Bure
54%
Most Game Winning Goals 23 Pavel Bure
54%
Most Games Played (Goalie) 572 Roberto Luongo
54%
Most Wins 230 Roberto Luongo
54%
Most Shutouts 38 Roberto Luongo
54%
Best Career Save Percentage .919 Roberto Luongo
54%
Best Career Goals Against Average 2.61 Roberto Luongo
54%
Most Game Winning Goals 24 Sam Bennett
54%
Most Goals 189 Sam Reinhart
54%
Most Assists 196 Sam Reinhart
54%
Most Points 385 Sam Reinhart
54%
Most Game Winning Goals 32 Sam Reinhart
54%
Most Goals 163 Carter Verhaeghe
31%
Most Points 344 Carter Verhaeghe
31%
Most Game Winning Goals 25 Carter Verhaeghe
31%
Most Games Played (Goalie) 268 John Vanbiesbrouck
31%
Most Wins 106 John Vanbiesbrouck
31%
Most Shutouts 13 John Vanbiesbrouck
31%
Best Career Save Percentage .912 John Vanbiesbrouck
31%
Best Career Goals Against Average 2.58 John Vanbiesbrouck
31%
Most Games Played (Goalie) 80 Spencer Knight
31%
Most Wins 44 Spencer Knight
31%
Most Shutouts 5 Spencer Knight
31%
Best Career Save Percentage .906 Spencer Knight
31%
Best Career Goals Against Average 2.76 Spencer Knight
31%
Most Goals 157 Scott Mellanby
23%
Most Assists 197 Scott Mellanby
23%
Most Points 354 Scott Mellanby
23%
Most Games Played 552 Scott Mellanby
23%
Most Game Winning Goals 22 Scott Mellanby
23%
Most Games Played (Goalie) 248 Tomáš Vokoun
23%
Most Wins 101 Tomáš Vokoun
23%
Most Shutouts 23 Tomáš Vokoun
23%
Best Career Save Percentage .923 Tomáš Vokoun
23%
Best Career Goals Against Average 2.57 Tomáš Vokoun
23%
Most Games Played (Goalie) 68 José Théodore
15%
Most Shutouts 3 José Théodore
15%
Most Goals 145 Stephen Weiss
15%
Most Assists 249 Stephen Weiss
15%
Most Points 394 Stephen Weiss
15%
Most Games Played 654 Stephen Weiss
15%
Most Game Winning Goals 23 Stephen Weiss
15%
Most Games Played (Goalie) 103 Trevor Kidd
15%
Most Wins 28 Trevor Kidd
15%
Most Shutouts 3 Trevor Kidd
15%
Best Career Save Percentage .900 Trevor Kidd
15%
Best Career Goals Against Average 3.09 Trevor Kidd
15%
Most Shutouts 4 Chris Driedger
8%
Most Shutouts 5 Craig Anderson
8%
Most Wins 27 Ed Belfour
8%
Best Career Save Percentage .902 Ed Belfour
8%
Best Career Goals Against Average 2.77 Ed Belfour
8%
Most Games Played (Goalie) 123 James Reimer
8%
Most Wins 53 James Reimer
8%
Most Shutouts 7 James Reimer
8%
Best Career Save Percentage .912 James Reimer
8%
Best Career Goals Against Average 2.85 James Reimer
8%
Most Assists 201 Keith Yandle
8%
Most Games Played 530 Paul Laus
8%
Most Games Played 613 Radek Dvořák
8%
Most Assists 229 Róbert Švehla
8%
Most Games Played 572 Róbert Švehla
8%
Most Games Played (Goalie) 120 Scott Clemmensen
8%
Most Wins 40 Scott Clemmensen
8%
Most Shutouts 3 Scott Clemmensen
8%
Best Career Save Percentage .905 Scott Clemmensen
8%
Best Career Goals Against Average 2.88 Scott Clemmensen
8%
Most Shutouts 3 Sean Burke
8%
Most Games Played 625 Dmitry Kulikov
0%
Most Games Played (Goalie) 119 Mark Fitzpatrick
0%
Most Wins 43 Mark Fitzpatrick
0%
Most Shutouts 4 Mark Fitzpatrick
0%
Best Career Save Percentage .903 Mark Fitzpatrick
0%
Best Career Goals Against Average 2.71 Mark Fitzpatrick
0%
Most Goals 142 Nathan Horton
0%
Most Points 295 Nathan Horton
0%
Most Assists 190 Viktor Kozlov
0%
Most Points 291 Viktor Kozlov
0%
No matching quizzes found
Score Distribution
Percent of People with Each Score
Percentile by Number Answered
Your Score History
You have not taken this quiz since the last reset